000 00734 a2200241 4500
001 63201
005 20260407155928.0
008 260407a1987 arg spa d
003 AR-UNSa-BCEJYS
040 _aAR-UNSa-BCEJYS
_bspa
_cAR-UNSa-BCEJYS
080 _a510
_xConsideraciones fundamentales y generales de las matemáticas
245 1 0 _aMatemática 1
_pPrimer año del ciclo básico
020 _a978-950-01-0210-0
264 1 _aBuenos Aires :
_bAngel Estrada
_c1987
300 _a490 p.
_c23 cm.
505 _a1. Conjuntos;
041 _aspa
942 _cBK
590 _aniveau_biblio:m niveau_hierar:0
100 1 _aVázquez de Tapia, Nelly
700 1 _aTapia de Bibiloni, Alicia
700 1 _aTapia, Carlos Alberto
999 _c8042
_d8042